<?xml version="1.0" encoding="UTF-8"?>
<record
    xmlns:xsi="http://www.w3.org/2001/XMLSchema-instance"
    xsi:schemaLocation="http://www.loc.gov/MARC21/slim http://www.loc.gov/standards/marcxml/schema/MARC21slim.xsd"
    xmlns="http://www.loc.gov/MARC21/slim">

  <leader>01306nam a22002417a 4500</leader>
  <controlfield tag="003">NALT</controlfield>
  <controlfield tag="005">20221005110523.0</controlfield>
  <controlfield tag="008">220209b        th ||||| |||| 00| 0 tha d</controlfield>
  <datafield tag="020" ind1=" " ind2=" ">
    <subfield code="a">9786160421268</subfield>
  </datafield>
  <datafield tag="040" ind1=" " ind2=" ">
    <subfield code="a">NALT</subfield>
  </datafield>
  <datafield tag="050" ind1=" " ind2=" ">
    <subfield code="a">PZ 34.1</subfield>
    <subfield code="b">&#xE21;611&#xE19; 2557</subfield>
  </datafield>
  <datafield tag="100" ind1="1" ind2=" ">
    <subfield code="9">31193</subfield>
    <subfield code="a">&#xE21;&#xE36;&#xE19;&#xE0A;&#xE4C;&#xE40;&#xE2E;&#xE32;&#xE40;&#xE0B;&#xE48;&#xE19;, &#xE1A;&#xE32;&#xE23;&#xE2D;&#xE19; &#xE1F;&#xE2D;&#xE19; </subfield>
  </datafield>
  <datafield tag="245" ind1="1" ind2="0">
    <subfield code="a">&#xE19;&#xE34;&#xE17;&#xE32;&#xE19;&#xE42;&#xE01;&#xE2B;&#xE01;&#xE40;&#xE22;&#xE2D;&#xE23;&#xE21;&#xE31;&#xE19;&#xE02;&#xE2D;&#xE07;&#xE1A;&#xE32;&#xE23;&#xE2D;&#xE19; &#xE1F;&#xE2D;&#xE19; &#xE21;&#xE36;&#xE19;&#xE0A;&#xE4C;&#xE40;&#xE2E;&#xE32;&#xE40;&#xE0B;&#xE48;&#xE19; /</subfield>
    <subfield code="c">&#xE2A;&#xE21;&#xE40;&#xE14;&#xE47;&#xE08;&#xE1E;&#xE23;&#xE30;&#xE40;&#xE17;&#xE1E;&#xE23;&#xE31;&#xE15;&#xE19;&#xE23;&#xE32;&#xE0A;&#xE2A;&#xE38;&#xE14;&#xE32;&#xE2F; &#xE2A;&#xE22;&#xE32;&#xE21;&#xE1A;&#xE23;&#xE21;&#xE23;&#xE32;&#xE0A;&#xE01;&#xE38;&#xE21;&#xE32;&#xE23;&#xE35;, &#xE41;&#xE1B;&#xE25;.</subfield>
  </datafield>
  <datafield tag="250" ind1=" " ind2=" ">
    <subfield code="a">&#xE1E;&#xE34;&#xE21;&#xE1E;&#xE4C;&#xE04;&#xE23;&#xE31;&#xE49;&#xE07;&#xE17;&#xE35;&#xE48; 2</subfield>
  </datafield>
  <datafield tag="260" ind1=" " ind2=" ">
    <subfield code="a">&#xE01;&#xE23;&#xE38;&#xE07;&#xE40;&#xE17;&#xE1E;&#xE2F; :</subfield>
    <subfield code="b">&#xE19;&#xE32;&#xE19;&#xE21;&#xE35;&#xE1A;&#xE38;&#xE4A;&#xE04;&#xE2A;&#xE4C;&#xE1E;&#xE31;&#xE1A;&#xE25;&#xE34;&#xE40;&#xE04;&#xE0A;&#xE31;&#xE48;&#xE19;&#xE2A;&#xE4C;,</subfield>
    <subfield code="c">2557.</subfield>
  </datafield>
  <datafield tag="300" ind1=" " ind2=" ">
    <subfield code="a">102 &#xE2B;&#xE19;&#xE49;&#xE32; :</subfield>
    <subfield code="b">&#xE20;&#xE32;&#xE1E;&#xE1B;&#xE23;&#xE30;&#xE01;&#xE2D;&#xE1A; ;</subfield>
    <subfield code="c">21 &#xE0B;&#xE21;.</subfield>
  </datafield>
  <datafield tag="650" ind1=" " ind2="4">
    <subfield code="9">31194</subfield>
    <subfield code="a">&#xE19;&#xE34;&#xE17;&#xE32;&#xE19;&#xE15;&#xE25;&#xE01;&#xE02;&#xE1A;&#xE02;&#xE31;&#xE19;</subfield>
  </datafield>
  <datafield tag="650" ind1=" " ind2="4">
    <subfield code="9">31195</subfield>
    <subfield code="a">&#xE19;&#xE34;&#xE17;&#xE32;&#xE19;&#xE1E;&#xE37;&#xE49;&#xE19;&#xE40;&#xE21;&#xE37;&#xE2D;&#xE07;&#xE40;&#xE22;&#xE2D;&#xE23;&#xE21;&#xE31;&#xE19;</subfield>
  </datafield>
  <datafield tag="700" ind1="0" ind2=" ">
    <subfield code="9">53950</subfield>
    <subfield code="a">&#xE40;&#xE17;&#xE1E;&#xE23;&#xE31;&#xE15;&#xE19;&#xE23;&#xE32;&#xE0A;&#xE2A;&#xE38;&#xE14;&#xE32;&#xE2F; &#xE2A;&#xE22;&#xE32;&#xE21;&#xE1A;&#xE23;&#xE21;&#xE23;&#xE32;&#xE0A;&#xE01;&#xE38;&#xE21;&#xE32;&#xE23;&#xE35;, </subfield>
    <subfield code="c">&#xE2A;&#xE21;&#xE40;&#xE14;&#xE47;&#xE08;&#xE1E;&#xE23;&#xE30;</subfield>
  </datafield>
  <datafield tag="850" ind1=" " ind2=" ">
    <subfield code="a">NALT</subfield>
  </datafield>
  <datafield tag="942" ind1=" " ind2=" ">
    <subfield code="2">lcc</subfield>
    <subfield code="c">GB</subfield>
  </datafield>
  <datafield tag="998" ind1=" " ind2=" ">
    <subfield code="a">sirikan</subfield>
    <subfield code="j">7560</subfield>
    <subfield code="k"> &#xE01;&#xE23;&#xE28;&#xE34;&#xE23;&#xE34;&#xE23;&#xE34;&#xE19;&#xE17;&#xE23;&#xE4C;  &#xE23;&#xE31;&#xE15;&#xE19;&#xE2A;&#xE38;&#xE20;&#xE32;</subfield>
  </datafield>
  <datafield tag="999" ind1=" " ind2=" ">
    <subfield code="c">99430</subfield>
    <subfield code="d">99430</subfield>
  </datafield>
  <datafield tag="952" ind1=" " ind2=" ">
    <subfield code="0">0</subfield>
    <subfield code="1">0</subfield>
    <subfield code="2">lcc</subfield>
    <subfield code="4">0</subfield>
    <subfield code="7">0</subfield>
    <subfield code="8">CSEN</subfield>
    <subfield code="a">NALT</subfield>
    <subfield code="b">NALT</subfield>
    <subfield code="c">GEN</subfield>
    <subfield code="d">2022-02-09</subfield>
    <subfield code="o">PZ 34.1 &#xE21;611&#xE19; 2557</subfield>
    <subfield code="p">0100007323001</subfield>
    <subfield code="r">2022-10-18 00:00:00</subfield>
    <subfield code="w">2022-02-09</subfield>
    <subfield code="y">GB</subfield>
  </datafield>
</record>
